| 000 | 02026cam a2200445 a 4500 | ||
|---|---|---|---|
| 001 | 15067732 | ||
| 003 | EG-ScBUE | ||
| 005 | 20220220111742.0 | ||
| 008 | 071102s2008 nyu f 000 1 eng d | ||
| 020 | _a1416562605 | ||
| 020 | _a9781416562603 | ||
| 020 | _a1439137692 | ||
| 020 | _a9781439137697 | ||
| 035 | _a(OCoLC)ocn166373034 | ||
| 035 | _a(OCoLC)166373034 | ||
| 040 |
_aDLC _beng _erda _cDLC _dIG# _dBTCTA _dBAKER _dYDXCP _dUPZ _dWIQ _dVP@ _dDLC _dEG-ScBUE |
||
| 043 | _aa-ii--- | ||
| 082 | 0 | 4 |
_a823.92 _222 _bADI |
| 100 | 1 |
_aAdiga, Aravind, _eauthor. _923693 |
|
| 245 | 1 | 4 |
_aThe white tiger : _ba novel / _cAravind Adiga. |
| 264 | 1 |
_aNew York : _bFree Press, _c2008. |
|
| 300 |
_a288 pages ; _c23 cm |
||
| 336 |
_2rdacontent _atext _btxt |
||
| 337 |
_2rdamedia _aunmediated _bn |
||
| 338 |
_2rdacarrier _avolume _bnc |
||
| 520 | _aBalram Halwai is a complicated man. Servant. Philosopher. Entrepreneur. Murderer. Over the course of seven nights, by the scattered light of a preposterous chandelier, Balram tells the terrible and transfixing story of how he came to be a success in life -- having nothing but his own wits to help him along. | ||
| 586 | _aWinner of The Man Booker Prize 2008 | ||
| 650 | 7 |
_aChauffeurs _zIndia _zBangalore _vFiction. _923694 _2BUEsh |
|
| 650 | 7 |
_aPoor _zIndia _zBangalore _vFiction. _923695 _2BUEsh |
|
| 650 | 7 |
_aAmbition _vFiction. _923696 _2BUEsh |
|
| 650 | 7 |
_aBusiness people _zIndia _zBangalore _vFiction. _923697 _2BUEsh |
|
| 651 | 7 |
_aBangalore (India) _vFiction. _923698 _2BUEsh |
|
| 653 |
_cMay2011 _bHHUUEENN |
||
| 655 | 7 |
_aMystery fiction. _2gsafd _vReading book |
|
| 856 | 4 | 2 |
_3Publisher description _uhttp://www.loc.gov/catdir/enhancements/fy0810/2007045527-d.html |
| 856 | 4 | 1 |
_3Sample text _uhttp://www.loc.gov/catdir/enhancements/fy0810/2007045527-s.html |
| 856 | 4 | 2 |
_3Contributor biographical information _uhttp://www.loc.gov/catdir/enhancements/fy0901/2007045527-b.html |
| 942 |
_2ddc _cBB |
||
| 999 |
_c15256 _d15256 |
||